Responses for Show #5476 - Monday, June 2, 2008

Contestants

[<< previous game]

Chris Vestuto, a test prep teacher from Goleta, California

Ann Middleman, a market research consultant from Westbury, New York

Susan Keller, an English teacher from Philadelphia, Pennsylvania (whose 1-day cash winnings total $8,000)

[next game >>]

Jeopardy! Round responses

AH, SWEET MYTHTERY
HIP-HOP & RAP
SEXPERTISE
(Alex: You have to identify the female in the group.)
THOSE AMAZING ANIMALS
A FASHIONABLE CATEGORY
2-LETTER WORDS
(Alex: It sounds easy.)
    $200 12
Odysseus

Susan
    $200 23
Notorious B.I.G.

Ann
    $200 11
Stevie Nicks

Chris
    $200 4
(Chris: What is a gray whale?
...
(Alex: A little bigger than the gray whale--[*]. Blue.)

the blue whale

Chris
Triple Stumper
    $200 1
Ralph Lauren

Susan
    $200 3
(Ann: What is "it"?)

"is"

AnnChris
    $400 17
a naiad

AnnChris
    $400 27
"Hard Knock Life"

Susan
    $400 13
Robin Givens

Ann
    $400 5
(Ann: What's a yak?)
(Alex: No. [Chuckles])
...
(Alex: Chris, yes. I'm still amused by the yak.)
[Chris chuckles.]
(Alex: That would be fun watching a yak paint.)

an elephant

AnnChris
    $400 2
a grommet

Ann
    $800 9
do

Chris
    $600 18
(Susan: What are the centaurs?)

a satyr

SusanAnn
    $600 28
(Susan: Who is Lil' Romeo?)

Lil Jon

SusanAnn
    $600 14
Pat Nixon

Chris
    $600 6
fish

Chris
    $600 24
gloves

Susan
    $600 10
Po

Ann
    $800 20
Achilles

Ann
    $800 29
(Susan: Who is Lil' Romeo?)
(Alex: No.)
(Susan: [Whispers] Oh, darn.)
(Alex: You're in love
with Lil' Romeo.)
(Susan: I guess. I guess.)
...
(Susan: It's the Shakespeare in it. I don't know.)
(Alex: Yeah. No. Who's [*]?)

Snoop Dogg

Susan
Triple Stumper
    $800 19
Kim Campbell

Chris
    $800 7
ivory

Chris
    $800 25
a catsuit

Susan
    $800 15
(Alex: What is M-U? [*]. Moo.)

mu

Triple Stumper
    $1000 22
Pygmalion

Susan
    $1000 30
Bone Thugs-n-Harmony

Triple Stumper
    $1000 21
P.D. James

Ann
    $1000 8
a razor clam

Chris
    $1000 26
Charlotte Corday

Triple Stumper
    $1000 16
ta

Chris

Scores at the first commercial break (after clue 16):

Susan Ann Chris
$400 $800 $5,400

Scores at the end of the Jeopardy! Round:

Susan Ann Chris
$1,200 $4,400 $6,600

Double Jeopardy! Round responses

20th CENTURY WORLD LEADERS
WESTERNS
ART
COMPUTER TERMS
WORLD UP!
IT HAD TO "BU"
    $400 4
Indira Gandhi

Susan
    $400 12
Elvis Presley

Chris
    $400 1
Ming

Ann
    $400 2
a P.C.

Susan
    $400 7
Afghanistan

Ann
    $400 8
Burgundy

Ann
    $800 10
Mao

Ann
    $800 13
a stagecoach

Chris
    $800 3
Raphael

Chris
    $800 6
random-access memory

Chris
    $2,000 22
Iceland

Ann
    $800 9
the bubonic plague

Chris
    $1200 19
(Alberto) Fujimori

Chris
    $1200 14
Clint Eastwood

Ann
    $1200 5
(Joshua) Reynolds

Ann
    $1200 28
a gigabyte

Ann
    $1200 23
Tunisia

Ann
    $1200 11
Bureaus

Chris
    $1600 20
(Alex: Wearing a hat because his name was [*].)

Helmut Kohl

Triple Stumper
    $1600 17
Little Big Man

Triple Stumper
    $1600 26
(Ann: What is Pointillists?)

Postimpressionist

SusanAnn
    $2,000 29
(Ann: What are internal operating?)
...
[The end-of-round signal sounds.]

input & output

Ann
    $1600 24
Kazakhstan

Chris
    $1600 15
business

Ann
    $2000 21
Haile Selassie

Ann
    $2000 18
Walter Brennan

Chris
    $2000 27
Monet

Susan
    $2000 25
(Ann: What is Uruguay?)

Bolivia

Ann
Triple Stumper
    $2000 16
bucolic

Chris

Scores at the end of the Double Jeopardy! Round:

Susan Ann Chris
$5,600 $11,200 $18,200

[wagering suggestions for these scores]

Final Jeopardy! Round responses

THE BILLBOARD HOT 100
SusanWho is Diana Ross?
$3,400
AnnWho is Tina Turner?
$0
ChrisWho is Tina Turner?
$4,200
Cher

Final scores:

Susan Ann Chris
$2,200 $11,200 $14,000
3rd place: $1,000 2nd place: $2,000 New champion: $14,000

Game dynamics:

Coryat scores:

Susan Ann Chris
$5,600 $12,000 $17,800
10 R,
3 W
20 R
(including 1 DD),
5 W
(including 1 DD)
21 R
(including 1 DD),
1 W

Combined Coryat: $35,400

[game clues] [game scores] [suggest correction]

Game tape date: 2008-02-27
The J! Archive is created by fans, for fans. Scraping, republication, monetization, and malicious use prohibited; this site may use cookies and collect identifying information. See terms. The Jeopardy! game show and all elements thereof, including but not limited to copyright and trademark thereto, are the property of Jeopardy Productions, Inc. and are protected under law. This website is not affiliated with, sponsored by, or operated by Jeopardy Productions, Inc. Join the discussion at JBoard.tv.